00602nam a2200205Ia 4500003000400000005001700004008004100021020001900062040000700081041000800088082001500096100002200111245003200133260003800165300000900203650002200212942001300234999001900247952013000266OSt20250820091103.0250729s2004 xx 000 0 und d a978-8176489850 cAL aeng a910.7 SIDT aSinha B B9221499 aMastering effective english aNew DelhibA P H Publishingc2004 a244p aGeography9221500 2ddccBED c235040d235040 00104070aALbALd2025-07-29eSita Book Houseg150.00l0o910.7 SIDTpBED00359r2025-07-29 16:53:40v150.00w2025-07-29yBK